000 00743nam a2200193 a 4500
003 0
005 20250429110818.0
008 050808s19uu xx 00 eng d
050 _aPHS GT 2345
_b.B85 2005
100 _aBulaong, Marina M.
245 _aGrooming habits of male teenagers from selected private schools within Metro Manila /
_cMarina M. Bulaong.
260 _aLas PiƱas City, Philippines :
_bSouthville International School and Colleges,
_c2005.
300 _a23 pages :
_billustrations ;
_c28 cm.
504 _aIncludes bibliographical references.
650 _2Library of Congress Subject Headings
_aTeenage boys
_xGrooming
_zPhilippines.
650 _aPersonal grooming
_xSocial aspects.
942 _2lcc
_cPASS
999 _c97196
_d97196